Score 0/15 Timer 06:00
0 Plays Today
not only % Correct
20th President of the USA (surname only)Garfield
96%
Largest city in PennsylvaniaPhiladelphia
92.7%
First mate of the ship Pequod in Moby DickStarbuck(s)
86.3%
Thai Asia Pacific Brewery productCheers
85.5%
Dorothy Gales petToto
84.7%
Reese Witherspoon movieSweet Home Alabama
83.1%
Greek poet Homer
82.3%
Film/book featuring Nurse RatchedOne flew over the cuckoos nest
69.4%
not only % Correct
Type of salad named after a New York HotelWaldorf
61.3%
Danny Devito sitcomTaxi
60.5%
Voted 7th favorite dish in the US according to the Good HousekeepingMeatloaf
52.4%
American sitcom starring Elizabeth MontgomeryBewitched (b*witched)
47.6%
Name used in the Hebrew Bible for the city of BabylonBabel
46.8%
Biologically infected personZombie
42.7%
B-29 Superfortress bomberEnola Gay
16.9%
Remove Ads.
Support Sporcle.
Get the best of Sporcle when you Go Orange. This ad-free experience offers more features, more stats, and more fun while also helping to support Sporcle. Thank you for becoming a member.

You're not logged in!

Compare scores with friends on all Sporcle quizzes.
OR
Log In

Show Comments

Extras

Created Oct 29, 2010ReportNominate

Top Quizzes Today


Score Distribution

Your Account Isn't Verified!

In order to create a playlist on Sporcle, you need to verify the email address you used during registration. Go to your Sporcle Settings to finish the process.

Report this User

Report this user for behavior that violates our Community Guidelines.

Details: